El Sol / (Record no. 112205)

MARC details
000 -LEADER
campo de control de longitud fija 00812nam a2200229 4500
001 - NÚMERO DE CONTROL
campo de control 112205
003 - IDENTIFICADOR DE NÚMERO DE CONTROL
campo de control ES-MaACL
005 - FECHA Y HORA DE LA ÚLTIMA TRANSACCIÓN
campo de control 20230906185455.0
007 - CAMPO FIJO DE DESCRIPCIÓN FÍSICA--INFORMACIÓN GENERAL
campo de control de longitud fija t|
008 - DATOS DE LONGITUD FIJA--INFORMACIÓN GENERAL
campo de control de longitud fija 061121s1986 sp r ||||1| spa d
100 1# - ENTRADA PRINCIPAL--NOMBRE DE PERSONA
Nombre de persona Nicolson, Iain.
9 (RLIN) 85606
245 13 - MENCIÓN DEL TÍTULO
Título El Sol /
Mención de responsabilidad, etc. Iain Nicolson; prefacio por el profesor Archie E. Roy; [traducción, Robert Estalella].
250 ## - MENCION DE EDICION
Mención de edición 1ª ed.
260 ## - PUBLICACIÓN, DISTRIBUCIÓN, ETC.
Lugar de publicación, distribución, etc. Madrid :
Nombre del editor, distribuidor, etc. Blume,
Fecha de publicación, distribución, etc. 1986.
300 ## - DESCRIPCIÓN FÍSICA
Extensión 96 p. :
Otras características físicas il. ;
Dimensiones 29 cm.
490 1# - MENCIÓN DE SERIE
Mención de serie Biblioteca de atlas astronómicos para observadores profesionales y aficionados
700 1# - ENTRADA AGREGADA--NOMBRE PERSONAL
Nombre de persona Roy, Archie E.
9 (RLIN) 100195
700 1# - ENTRADA AGREGADA--NOMBRE PERSONAL
Nombre de persona Estalella, Robert.
9 (RLIN) 48005
830 0# - PUNTO DE ACCESO ADICIONAL DE SERIE-TÍTULO UNIFORME
Título uniforme Biblioteca de atlas astronómicos para observadores profesionales y aficionados
9 (RLIN) 185700
852 ## - LOCALIZACIÓN
Ubicación ES-MaACL
Número de control de estantería L-11369
Sublocalización o colección R.112854
Holdings
Estatus retirado Estado de pérdida Estado de daño No para préstamo Biblioteca de origen Biblioteca actual Ubicación en estantería Fecha de adquisición Fuente de adquisición Total de préstamos Signatura topográfica completa Código de barras Visto por última vez Precio de reemplazo Tipo de ítem Koha
        Biblioteca del Ateneo de Madrid Biblioteca del Ateneo de Madrid Depósito 2 17/01/2008     L-11369 1117046 23/02/2023 23/02/2023 Libro impreso